Cosmología del siglo XX Estudio epistemológico e histórico de las teorías de la cosmología contemporánea (Registro nro. 9323)

Detalles MARC
000 -ENCABEZADO
Número de control [NR] 00749nam a2200205Ia 4500
008 - DE LONGITUD FIJA DE DATOS DE ELEMENTOS - INFORMACIÓN GENERAL
Elementos de longitud fija [NR] 130821s1971 sp gr spa
040 ## - FUENTE DE CATALOGACION [NR]
Agencia de catalogación original [NR] Co-BoUCM
Idioma de catalogación [NR] spa
041 ## - CODIGO DE IDIOMA [R]
Código de idioma para texto/pista de sonido o título separado [R] Español
100 ## - ASIENTO PRINCIPAL--NOMBRE PERSONAL [NR]
Nombre personal [NR] Merleau-Ponty, Jacques
ID Autoridad 155655
245 ## - MENCION DE TITULO [NR]
Título [NR] Cosmología del siglo XX Estudio epistemológico e histórico de las teorías de la cosmología contemporánea
Mención de responsabilidad, etc. [NR] Jacques Merleau-Ponty.
260 ## - PUBLICACION, DISTRIBUCION, ETC. (PIE DE IMPRENTA) [R]
Lugar de publicación, distribución, etc. [R] Madrid (España)
Nombre del editor, distribuidor, etc. [R] Gredos
Fecha de publicación, distribución, etc. [R] 1971
300 ## - DESCRIPCION FISICA [R]
Extensión [R] 660 páginas
490 ## - MENCION DE SERIE [R]
Mención de serie [R] Biblioteca Hispánica de Filosofía
650 04 - ASIENTO SECUNDARIO DE MATERIA - TERMINO TEMATICO [R]
Término temático o nombre geográfico como elemento de entrada [NR] Cosmología
Subdivisión general [R] Historia
9 (RLIN) 53552
650 04 - ASIENTO SECUNDARIO DE MATERIA - TERMINO TEMATICO [R]
Término temático o nombre geográfico como elemento de entrada [NR] Filosofía de la ciencia
9 (RLIN) 15753
650 04 - ASIENTO SECUNDARIO DE MATERIA - TERMINO TEMATICO [R]
Término temático o nombre geográfico como elemento de entrada [NR] Filosofía moderna
Subdivisión cronológica [R] Siglo XX
9 (RLIN) 15835
650 04 - ASIENTO SECUNDARIO DE MATERIA - TERMINO TEMATICO [R]
Término temático o nombre geográfico como elemento de entrada [NR] Filosofía
9 (RLIN) 75
942 ## - ELEMENTOS DE ENTRADA AGREGADOS (KOHA)
Tipo de ítem principal el descrito en 300a Libro
Tema principal Filosofía
Edición 1
Parte restante de la signatura top. M37
Sistema de clasificación DEWEY
Clasificación 110
Existencias
Fecha de último préstamo Total préstamos Total Renewals Signatura topográfica Código de barras Última vez visto Ejemplar Price effective from Tipo de ítem Perdido Sistema de clasificación Dañado No prestable Tipo de ítem específico Suprimido Ubicación habitual Ubicación actual Localización Fecha de creación Forma de adquisición Costo
19/05/2017 1 2 110 M37 100021242 05/12/2025 Ej.1 03/02/2013 Libro   DEWEY     Libro   Claustro Claustro 2do piso 28/02/2003 Compra 902.00